Information coding techniques / (Record no. 31014)

MARC details
000 -LEADER
fixed length control field 00937nam a22002777a 4500
005 - DATE AND TIME OF LATEST TRANSACTION
control field 20091023114137.0
008 - FIXED-LENGTH DATA ELEMENTS--GENERAL INFORMATION
fixed length control field 091023t xxu||||| |||| 00| 0 eng d
010 ## - LCCN (DPL NO)
LC control number ENG-95178
020 ## - INTERNATIONAL STANDARD BOOK NUMBER
International Standard Book Number 9780070672826
Terms of availability 225..00
020 ## - INTERNATIONAL STANDARD BOOK NUMBER
International Standard Book Number 0070672822
Terms of availability 225..00
035 ## - SYSTEM CONTROL NUMBER
System control number EN-78711
037 ## - SOURCE OF ACQUISITION
Stock number DBAD/PUB
040 ## - CATALOGING SOURCE
Original cataloging agency DPL
082 ## - DEWEY DECIMAL CLASSIFICATION NUMBER
Classification number 003.54
100 ## - MAIN ENTRY--PERSONAL NAME
Personal name Avudaiammal R.
245 ## - TITLE STATEMENT
Title Information coding techniques /
Statement of responsibility, etc by R. Avudaiammal
250 ## - EDITION STATEMENT
Edition statement 2nd ed.
260 ## - PUBLICATION, DISTRIBUTION, ETC. (IMPRINT)
Place of publication, distribution, etc New Delhi
Name of publisher, distributor, etc Tata MaGraw Hill Education
Date of publication, distribution, etc 2010
270 ## - ADDRESS
Address 7, West Patel Nagar
City New Delhi
Postal code 110008
300 ## - PHYSICAL DESCRIPTION
Extent ix, 332p.
Dimensions 24cm. (Pbk)
500 ## - GENERAL NOTE
General note Includes index
650 ## - SUBJECT ADDED ENTRY--TOPICAL TERM
Topical term or geographic name as entry element Information theory
650 ## - SUBJECT ADDED ENTRY--TOPICAL TERM
Topical term or geographic name as entry element Coding theory
942 ## - ADDED ENTRY ELEMENTS (KOHA)
Source of classification or shelving scheme Dewey Decimal Classification
Item type English Books
Call number suffix AVU
Classification part 003.54
Holdings
Withdrawn status Lost status Source of classification or shelving scheme Damaged status Not for loan Collection code Home library Current library Date acquired Source of acquisition Cost, normal purchase price Total Checkouts Full call number Barcode Date last seen Copy number Cost, replacement price Koha item type
    Dewey Decimal Classification   Not For Loan Non-fiction D.B.Act.Division D.B.Act.Division 23/10/2009 DBAD / PUB 225.00   003.54 AVU EN-78711 23/10/2009 1 225.00 English Books

© Delhi Public Library
Hit Counter
free hit counter